[Event "ICS rated blitz match"]
[Site "204.178.125.65"]
[Date "2000.08.03"]
[Round "?"]
[White "Hossa"]
[Black "Kurios"]
[Result "1/2-1/2"]
[WhiteElo "2429"]
[BlackElo "2713"]
[PlyCount "71"]
[EventDate "2000.??.??"]

1. e4 c5 2. Nf3 d6 3. d4 cxd4 4. Nxd4 Nf6 5. Nc3 a6 6. Rg1 e5 7. Nf3 Be7 8. Bg5
O-O 9. Qd2 Nbd7 10. O-O-O Qc7 11. g4 h6 12. Bh4 g5 13. Bxg5 hxg5 14. Qxg5+ Kh8
15. Qh4+ Kg7 16. g5 Ng4 17. Nd5 Qd8 18. Nxe7 Qxe7 19. Rxg4 Rh8 20. Qg3 Nc5 21.
Rh4 Be6 22. Rxh8 Rxh8 23. Nd2 Qc7 24. f4 exf4 25. Qxf4 Bxa2 26. Nc4 Rc8 27.
Rxd6 Bxc4 28. Qe5+ Kf8 29. Qh8+ Ke7 30. Qf6+ Kf8 31. Bxc4 Nxe4 32. Qh8+ Ke7 33.
Qe5+ Kf8 34. Qh8+ Ke7 35. Qe5+ Kf8 36. Qh8+ 1/2-1/2

[Event "ICS Rated standard match"]
[Site "204.178.125.65"]
[Date "2000.08.03"]
[Round "?"]
[White "Hossa"]
[Black "MM3Quick"]
[Result "1-0"]
[WhiteElo "2363"]
[BlackElo "2218"]
[PlyCount "67"]
[EventDate "2000.??.??"]

1. e4 e6 2. d4 d5 3. Nc3 Bb4 4. e5 Ne7 5. a3 Bxc3+ 6. bxc3 c5 7. Qg4 Qc7 8.
Qxg7 Rg8 9. Qxh7 cxd4 10. Ne2 Nbc6 11. f4 Bd7 12. Bb2 dxc3 13. Bxc3 O-O-O 14.
Qxf7 Rh8 15. g4 Rdf8 16. Qg7 Rfg8 17. Qf6 Rf8 18. Qg5 Rfg8 19. Qf6 Qd8 20. f5
Rf8 21. fxe6 Rxf6 22. exd7+ Qxd7 23. exf6 Ng6 24. h3 Re8 25. O-O-O Nge5 26. Nd4
Nxd4 27. Bxd4 Qd6 28. Kb1 Qxa3 29. Bb2 Qb4 30. g5 Re6 31. Rd4 Nc4 32. Bxc4 dxc4
33. f7 Rb6 34. Rxc4+ 1-0

[Event "ICS rated standard match"]
[Site "204.178.125.65"]
[Date "2000.08.03"]
[Round "?"]
[White "Hossa"]
[Black "PostModernist"]
[Result "1-0"]
[WhiteElo "2373"]
[BlackElo "2393"]
[PlyCount "87"]
[EventDate "2000.??.??"]

1. e4 g6 2. d4 Bg7 3. Nc3 e6 4. Nf3 d6 5. Bc4 Nd7 6. O-O a6 7. Bg5 Ne7 8. Qd2
h6 9. Bh4 b5 10. Bb3 Bb7 11. a3 c5 12. d5 c4 13. Ba2 Nc5 14. Nd4 exd5 15. exd5
O-O 16. Rfe1 g5 17. Bg3 Qd7 18. Nde2 Nf5 19. f3 a5 20. Bf2 b4 21. Nd1 bxa3 22.
Rb1 axb2 23. Nxb2 Bxb2 24. Rxb2 Na4 25. Rbb1 Rfc8 26. f4 g4 27. Ng3 c3 28. Qd3
Nxg3 29. Qxg3 Ba6 30. Qh4 Qf5 31. Qxh6 Bc4 32. Bd4 Qh7 33. Qg5+ Qg6 34. Qh4 Qh7
35. Qxg4+ Qg6 36. Qh3 Qh7 37. Re3 Qxh3 38. Rxh3 f6 39. Rb7 Rab8 40. Rg3+ Kf8
41. Rbg7 Rb1+ 42. Bxb1 Bxd5 43. Bxf6 Be6 44. f5 {schoen gesehen} 1-0

[Event "ICS rated standard match"]
[Site "204.178.125.65"]
[Date "2000.08.03"]
[Round "?"]
[White "jamalov"]
[Black "Hossa"]
[Result "0-1"]
[WhiteElo "2127"]
[BlackElo "2390"]
[PlyCount "50"]
[EventDate "2000.??.??"]

1. e4 c5 2. Nf3 d6 3. d4 cxd4 4. Nxd4 Nf6 5. Nc3 a6 6. Be3 e5 7. Nb3 Be6 8. Be2
d5 9. exd5 Nxd5 10. Nxd5 Bxd5 11. O-O Bxb3 12. axb3 Nc6 13. Bc4 Bd6 14. Qh5 O-O
15. Bd3 g6 16. Qh6 Re8 17. Ra4 Bf8 18. Qh3 Nd4 19. f4 b5 20. Raa1 e4 21. Bxd4
Qxd4+ 22. Kh1 exd3 23. cxd3 Re3 24. Qh4 Rxd3 25. f5 Qxh4 0-1

[Event "ICS rated standard match"]
[Site "204.178.125.65"]
[Date "2000.08.03"]
[Round "?"]
[White "PostModernist"]
[Black "Hossa"]
[Result "1-0"]
[WhiteElo "2376"]
[BlackElo "2391"]
[PlyCount "99"]
[EventDate "2000.??.??"]

1. d4 c5 2. d5 Nf6 3. Nf3 b5 4. Bg5 Bb7 5. Bxf6 gxf6 6. e4 Qa5+ 7. c3 b4 8. Bc4
d6 9. O-O Rg8 10. a3 f5 11. exf5 bxc3 12. Nxc3 Bg7 13. Qd3 Nd7 14. Rfe1 Rb8 15.
Qe3 Qd8 16. Rab1 a6 17. Bb3 Nb6 18. Qg5 h6 19. Qg4 Qd7 20. Qg3 Kf8 21. Qh4 Rh8
22. Rbd1 Qc7 23. Qe4 Bf6 24. Ba4 Nxa4 25. Nxa4 Ke8 26. Nd2 Bc8 27. Nc4 Rg8 28.
Qf4 Kd8 29. Qxh6 Bxf5 30. Qd2 Rg4 31. Qe2 Re4 32. Qf1 Rh4 33. Nc3 Rxb2 34. Nxb2
Bxc3 35. Re2 Qb7 36. Nd3 Qxd5 37. Nf4 Qb3 38. Nd5 Bg4 39. Nxc3 Qxc3 40. Re4 Qh8
41. Qxa6 Rxh2 42. Rxd6+ exd6 43. Qxd6+ Bd7 44. Qb6+ Kc8 45. Qxc5+ Kd8 46. Qb6+
Kc8 47. Rc4+ Bc6 48. Rxc6+ Kd7 49. Rc7+ Ke8 50. Qb8# 1-0

[Event "ICS rated blitz match"]
[Site "204.178.125.65"]
[Date "2000.08.03"]
[Round "?"]
[White "PostModernist"]
[Black "Hossa"]
[Result "1-0"]
[WhiteElo "2598"]
[BlackElo "2440"]
[PlyCount "81"]
[EventDate "2000.??.??"]

1. e4 e5 2. Nf3 Nf6 3. d4 Nxe4 4. Bd3 d5 5. Nxe5 Bd6 6. O-O O-O 7. c4 Bxe5 8.
dxe5 Nc6 9. Bf4 Nc5 10. cxd5 Nxd3 11. Qxd3 Nb4 12. Qg3 Bf5 13. Bg5 Qd7 14. Bf6
Bg6 15. e6 fxe6 16. dxe6 Qxe6 17. Bxg7 Rf7 18. Be5 Nc2 19. Nc3 Nxa1 20. Rxa1
Raf8 21. Rf1 c5 22. f3 Rf5 23. Re1 Re8 24. f4 Qc4 25. Ne4 Rexe5 26. fxe5 Qd4+
27. Nf2 Qxb2 28. e6 Qd2 29. Nd3 Kh8 30. e7 Be8 31. Qb8 Qxd3 32. Qxe8+ Kg7 33.
Qd8 c4 34. Qxd3 cxd3 35. e8=Q Kh6 36. Qe6+ Kg5 37. Qg8+ Kh5 38. h3 Kh6 39. Re6+
Rf6 40. Rxf6+ Kh5 41. Qg4# 1-0

[Event "ICS rated blitz match"]
[Site "204.178.125.65"]
[Date "2000.08.03"]
[Round "?"]
[White "Hossa"]
[Black "PostModernist"]
[Result "0-1"]
[WhiteElo "2431"]
[BlackElo "2607"]
[PlyCount "160"]
[EventDate "2000.??.??"]

1. e4 g6 2. d4 Bg7 3. Nc3 d6 4. f4 Nc6 5. Be3 Nf6 6. Nf3 e6 7. Bb5 O-O 8. O-O
Bd7 9. Nd2 a6 10. Be2 Qe7 11. Bf3 e5 12. fxe5 dxe5 13. d5 Nd4 14. Nb3 Nxb3 15.
axb3 Ne8 16. Bg4 f5 17. exf5 gxf5 18. Bh3 Nd6 19. Qh5 Qf7 20. Qf3 Qg6 21. Bc5
b6 22. Ba3 a5 23. Rae1 e4 24. Qf2 b5 25. Bc5 b4 26. Ne2 Bxb2 27. Rb1 Bg7 28.
Rbd1 Bb5 29. Nf4 Qf7 30. Ne6 Bxf1 31. Rxf1 Rac8 32. Qe3 Qh5 33. Nxf8 Rxf8 34.
Ba7 Qf7 35. Qc5 Ra8 36. Bb6 Be5 37. Bxa5 Nb7 38. Qc6 Rxa5 39. Qxb7 Rxd5 40.
Qb8+ Kg7 41. Qxb4 e3 42. Qc4 Bd4 43. Kh1 f4 44. Bg4 Be5 45. Qe4 Rc5 46. c4 h5
47. Bf3 Qg6 48. Qa8 Qd3 49. Rc1 Qxb3 50. Qe8 Bd6 51. Bxh5 Qd3 52. Qf7+ Kh6 53.
Bf3 Qg6 54. Qd7 Qf5 55. Qd8 Kg7 56. Be2 Ra5 57. Qe8 Ra2 58. Bh5 Qg5 59. Qf7+
Kh6 60. Bf3 Qe5 61. Qd7 e2 62. Qh3+ Kg6 63. Qg4+ Kf6 64. Qh4+ Kg7 65. Qe1 Ba3
66. Rb1 c5 67. Rb7+ Kg8 68. Bd5+ Kf8 69. Rb1 Bb4 70. Rxb4 Ra1 71. Rb8+ Ke7 72.
Rb7+ Kd6 73. Rb6+ Kc7 74. Rc6+ Kd7 75. g3 Rxe1+ 76. Kg2 Rg1+ 77. Kf3 Qh5+ 78.
Kxf4 Rf1+ 79. Ke3 e1=Q+ 80. Kd3 Qhe2# 0-1

[Event "ICS rated blitz match"]
[Site "204.178.125.65"]
[Date "2000.08.03"]
[Round "?"]
[White "PostModernist"]
[Black "Hossa"]
[Result "1-0"]
[WhiteElo "2616"]
[BlackElo "2422"]
[PlyCount "110"]
[EventDate "2000.??.??"]

1. d4 e6 2. c4 Bb4+ 3. Bd2 a5 4. Nf3 d6 5. g3 Nd7 6. Bg2 Bxd2+ 7. Nbxd2 Ne7 8.
Qc2 O-O 9. O-O-O c5 10. Ne4 Qb6 11. dxc5 dxc5 12. Nd6 Nf6 13. e4 Nc6 14. e5 Nb4
15. Qb1 Ng4 16. Rhf1 Rd8 17. a3 Nxe5 18. Nxe5 Rxd6 19. axb4 axb4 20. Rxd6 Qxd6
21. Rd1 Qc7 22. Qd3 Ra1+ 23. Kc2 Rxd1 24. Qxd1 f6 25. Nd3 g6 26. Qf3 Kf7 27.
Qe3 b6 28. h4 Ba6 29. b3 Qd8 30. Bh3 Bc8 31. Bg4 h5 32. Bf3 Kg7 33. Nf4 e5 34.
Nd5 Be6 35. Kd1 Qb8 36. Ke2 Qa7 37. Kf1 Bh3+ 38. Kg1 Be6 39. Be4 f5 40. Qg5 Qf7
41. Bg2 e4 42. Nf4 b5 43. cxb5 Bxb3 44. b6 Bc2 45. Nxg6 Kh7 46. b7 Qxb7 47. Ne7
Qxe7 48. Qxe7+ Kg8 49. Qg5+ Kf7 50. Qxf5+ Kg7 51. Qe5+ Kf7 52. Qxh5+ Ke6 53.
Qxc5 b3 54. Bh3+ Kf6 55. Qf5+ Kg7 1-0

[Event "ICS rated standard match"]
[Site "204.178.125.65"]
[Date "2000.08.03"]
[Round "?"]
[White "Hossa"]
[Black "PostModernist"]
[Result "0-1"]
[WhiteElo "2374"]
[BlackElo "2393"]
[PlyCount "162"]
[EventDate "2000.??.??"]

1. e4 c5 2. Nf3 g6 3. d4 Bg7 4. dxc5 Nf6 5. Nc3 Qa5 6. Nd2 Qxc5 7. Nb3 Qc7 8.
Be3 O-O 9. Nb5 Qe5 10. Bd3 Nc6 11. Nc3 d6 12. Qd2 Be6 13. O-O a5 14. Bf4 Qh5
15. Be2 Bg4 16. f3 Be6 17. Rf2 Nd7 18. g4 Bxg4 19. fxg4 Qh3 20. Rg2 h6 21. Rf1
a4 22. Rf3 axb3 23. Rxh3 Bxc3 24. Qxc3 bxa2 25. Bxh6 a1=Q+ 26. Bf1 Nde5 27.
Bxf8 Rxf8 28. Qd2 f6 29. c3 Qb1 30. Qc2 Qxc2 31. Rxc2 Nxg4 32. Bc4+ Kg7 33. Bd5
Ra8 34. Rc1 g5 35. Rg3 Nge5 36. h4 Kh6 37. hxg5+ fxg5 38. Kf2 Rf8+ 39. Ke3 g4
40. Rh1+ Kg6 41. Be6 Kg5 42. b3 Rf6 43. Bg8 e6 44. Rh7 Na5 45. Rg7+ Kh4 46. Rg1
Nxb3 47. Rh7+ Kg5 48. Rg7+ Kh6 49. Rxb7 Rf3+ 50. Ke2 Rxc3 51. Rd1 Rc2+ 52. Ke3
Nc5 53. Rh1+ Kg5 54. Rg7+ Kf6 55. Rgh7 Rc3+ 56. Ke2 Nc4 57. R1h6+ Ke5 58. Rg7
Rc2+ 59. Kf1 Ne3+ 60. Kg1 Kf4 61. Bxe6 Nxe4 62. Rxg4+ Nxg4 63. Rh4 Nef2 64. Kg2
Nd1+ 65. Kg1 Nde3 66. Bxg4 Rg2+ 67. Kh1 Rxg4 68. Rh3 d5 69. Rh6 Kg3 70. Kg1
Kf3+ 71. Kh2 d4 72. Rh3+ Kf2 73. Rh7 Ng2 74. Rf7+ Nf4 75. Rh7 d3 76. Kh1 d2 77.
Rh2+ Rg2 78. Rxg2+ Nxg2 79. Kh2 Nf4 80. Kh1 d1=Q+ 81. Kh2 Qh5# {
Hossa checkmated} 0-1

[Event "ICS rated standard match"]
[Site "204.178.125.65"]
[Date "2000.08.04"]
[Round "?"]
[White "Varguz"]
[Black "Hossa"]
[Result "1-0"]
[WhiteElo "2630"]
[BlackElo "2359"]
[PlyCount "63"]
[EventDate "2000.??.??"]

1. e4 c5 2. Nc3 Nc6 3. g3 g6 4. Bg2 Bg7 5. d3 d6 6. Nge2 Nf6 7. O-O h5 8. d4
cxd4 9. Nxd4 Nxd4 10. Qxd4 h4 11. Bg5 hxg3 12. hxg3 Rh5 13. Bd2 Bh8 14. Qb4 a5
15. Qb3 Ng4 16. Bf3 Rh7 17. Be2 Bd7 18. Nd5 Nh2 19. Rfd1 Bc6 20. Bg5 a4 21. Qb4
Qa5 22. Qa3 f6 23. Be3 Rc8 24. Kg2 f5 25. Bb6 Qa8 26. Rh1 fxe4 27. Nb4 e3+ 28.
f3 Nxf3 29. Rxh7 Ng5+ 30. Nxc6 Nxh7 31. Na7 Rxc2 32. Qxa4+ {Hossa resigns} 1-0

[Event "ICS rated blitz match"]
[Site "204.178.125.65"]
[Date "2000.08.04"]
[Round "?"]
[White "QueenMaxima"]
[Black "Hossa"]
[Result "0-1"]
[WhiteElo "2501"]
[BlackElo "2414"]
[PlyCount "94"]
[EventDate "2000.??.??"]

1. d4 e6 2. c3 Nf6 3. Bf4 Be7 4. Nd2 Nh5 5. Be5 d6 6. Bg3 Nxg3 7. hxg3 Nd7 8.
Qa4 d5 9. O-O-O c5 10. dxc5 Bxc5 11. e3 Qc7 12. Nb3 Be7 13. Bb5 b6 14. Nf3 a6
15. Bc6 Rb8 16. Bxd7+ Bxd7 17. Qxa6 b5 18. Kb1 O-O 19. Qa5 Qb7 20. Ne5 Ra8 21.
Nxd7 Rxa5 22. Nxf8 Ra8 23. Nxh7 Qa6 24. Nc1 Qc6 25. Rh2 b4 26. Rd3 bxc3 27.
Rxc3 Qa4 28. Rc7 Qe4+ 29. Ka1 Bd8 30. Rc3 Rb8 31. Nd3 d4 32. exd4 Qxd4 33. Rh1
Ba5 34. Ra3 Bd2 35. Rh4 Qd5 36. Rh2 Qc4 37. f4 Qc2 38. Rh1 f6 39. f5 e5 40. Nf8
Rxf8 41. Rb1 Rb8 42. g4 e4 43. Nf2 Bc1 44. Rb3 Qxb3 45. Nd1 Qxd1 46. a3 Bxb2+
47. Ka2 Qd5# 0-1

[Event "ICS rated blitz match"]
[Site "204.178.125.65"]
[Date "2000.08.04"]
[Round "?"]
[White "Hossa"]
[Black "QueenMaxima"]
[Result "1-0"]
[WhiteElo "2434"]
[BlackElo "2481"]
[PlyCount "131"]
[EventDate "2000.??.??"]

1. e4 c5 2. Nc3 Nc6 3. g3 g6 4. Bg2 Bg7 5. d3 d6 6. Nge2 Nf6 7. O-O O-O 8. Nf4
Bd7 9. Bd2 Qb6 10. Rb1 Qa6 11. Nfd5 Nxd5 12. exd5 Ne5 13. Bg5 Rae8 14. Qc1 b5
15. Bh6 Bxh6 16. Qxh6 b4 17. Nd1 Qxa2 18. Ne3 b3 19. Ra1 Qxb2 20. Rab1 Qd4 21.
Rxb3 f6 22. Rb7 a5 23. Nc4 Bc8 24. Ra7 Nxc4 25. dxc4 Qxc4 26. Rc1 Qb5 27. Re1
Bb7 28. Qd2 Ra8 29. Rxa8 Rxa8 30. Rxe7 Qb1+ 31. Re1 Qb2 32. Qe2 Qe5 33. Qd2 Qg5
34. f4 Qf5 35. Re6 a4 36. Qe2 Bxd5 37. Rxf6 Qxf6 38. Bxd5+ Kf8 39. Bxa8 a3 40.
c4 Qe7 41. Qd2 Qf6 42. Kg2 Qd4 43. Qe2 Qb2 44. Qxb2 axb2 45. Be4 Ke7 46. h4 Kf6
47. Kf2 h6 48. Ke3 g5 49. Kd2 gxh4 50. gxh4 Ke6 51. Kc2 b1=Q+ 52. Kxb1 Kf6 53.
h5 Ke7 54. Kc2 Kf7 55. Bd5+ Kf6 56. Kd3 Kf5 57. Ke3 Kg4 58. Be4 Kxh5 59. Bf5
Kh4 60. Kf3 d5 61. cxd5 c4 62. d6 Kh5 63. d7 c3 64. d8=R Kh4 65. Rd1 h5 66.
Rh1# 1-0

[Event "ICS rated blitz match"]
[Site "204.178.125.65"]
[Date "2000.08.04"]
[Round "?"]
[White "Hossa"]
[Black "Varguz"]
[Result "0-1"]
[WhiteElo "2452"]
[BlackElo "2791"]
[PlyCount "86"]
[EventDate "2000.??.??"]

1. e4 c5 2. Nc3 d6 3. Nf3 Nf6 4. Bc4 e6 5. d4 cxd4 6. Nxd4 Be7 7. O-O O-O 8.
Nf3 Nc6 9. Bf4 e5 10. Be3 Na5 11. Bd3 Be6 12. Ng5 Bg4 13. f3 Bd7 14. b4 Nc6 15.
b5 Nb4 16. Be2 Rc8 17. Bd2 Nh5 18. Nxh7 Kxh7 19. a3 Qb6+ 20. Rf2 Bh4 21. g3
Nxg3 22. axb4 Nh5 23. Qe1 Qd4 24. Rd1 Rxc3 25. Bxc3 Bxf2+ 26. Qxf2 Qxc3 27. Qh4
g6 28. Rxd6 Be6 29. b6 Qxb4 30. Rxe6 fxe6 31. bxa7 Qa3 32. Kf1 Kg8 33. Qf2 Nf4
34. Bb5 Nh3 35. a8=Q Rxa8 36. Qg3 Nf4 37. Be2 Qe3 38. Qe1 Nxe2 39. Qd1 Qxf3+
40. Ke1 Qe3 41. Kf1 Rf8+ 42. Ke1 Nd4+ 43. Qe2 Qxe2# {Hossa checkmated} 0-1

[Event "ICS rated blitz match"]
[Site "204.178.125.65"]
[Date "2000.08.04"]
[Round "?"]
[White "PostModernist"]
[Black "Hossa"]
[Result "1-0"]
[WhiteElo "2600"]
[BlackElo "2448"]
[PlyCount "115"]
[EventDate "2000.??.??"]

1. e4 e5 2. Nf3 d6 3. d4 exd4 4. Nxd4 a6 5. Nc3 Nd7 6. Be3 Ngf6 7. Bd3 Nc5 8.
O-O Be7 9. b4 Nxd3 10. Qxd3 O-O 11. Nb3 Ng4 12. Bd4 Be6 13. h3 Ne5 14. Qe3 Nc6
15. a3 Bc4 16. Rfd1 Bg5 17. f4 Bh4 18. Nd2 Be6 19. Nf3 Be7 20. f5 Bd7 21. Nd5
Nxd4 22. Qxd4 Re8 23. c3 Ba4 24. Re1 Bf8 25. h4 Bc2 26. Ra2 Bb3 27. Rb2 Bxd5
28. exd5 Rxe1+ 29. Nxe1 Be7 30. Nf3 Bf6 31. Qc4 b5 32. Qc6 Qc8 33. Ra2 Kf8 34.
a4 bxa4 35. Rxa4 Ra7 36. b5 Qxf5 37. bxa6 Qc2 38. Rb4 Qc1+ 39. Kh2 g6 40. Rb7
Qf4+ 41. Kh1 Ra8 42. Rxc7 Qc1+ 43. Ng1 Rd8 44. Qb7 Qh6 45. Rxf7+ Kg8 46. g3 Be5
47. Rf1 Qd2 48. a7 Qa2 49. Qf7+ Kh8 50. Qf8+ Rxf8 51. Rxf8+ Kg7 52. a8=Q Qc2
53. Rg8+ Kh6 54. Qf8+ Kh5 55. Qf3+ Kh6 56. Qe3+ Bf4 57. Qxf4+ Kh5 58. Qg5# {
Hossa checkmated} 1-0

[Event "ICS rated standard match"]
[Site "204.178.125.65"]
[Date "2000.08.04"]
[Round "?"]
[White "AliP"]
[Black "Hossa"]
[Result "0-1"]
[WhiteElo "1945"]
[BlackElo "2353"]
[PlyCount "66"]
[EventDate "2000.??.??"]

1. e4 c5 2. c3 d5 3. exd5 Qxd5 4. d4 e6 5. Nf3 Nf6 6. Nbd2 cxd4 7. cxd4 Nc6 8.
Bc4 Qd6 9. Bb5 Bd7 10. Bxc6 Bxc6 11. O-O Bb5 12. Re1 Be7 13. Qb3 Ba6 14. Ne4
Nxe4 15. Rxe4 Rc8 16. Bf4 Qd7 17. Rae1 Bc4 18. Qe3 Bd5 19. Re5 Rc2 20. Qd3 Rxb2
21. R5e2 Rxe2 22. Qxe2 O-O 23. Ne5 Qa4 24. Qg4 Kh8 25. h4 Qxa2 26. h5 f6 27. h6
g5 28. Nd7 Rd8 29. Nc5 Bxc5 30. dxc5 Qc4 31. g3 Rg8 32. Rxe6 gxf4 33. Re8 Qc1+
{AliP resigns} 0-1

[Event "ICS rated standard match"]
[Site "204.178.125.65"]
[Date "2000.08.04"]
[Round "?"]
[White "greekgift"]
[Black "Hossa"]
[Result "0-1"]
[WhiteElo "1920"]
[BlackElo "2356"]
[PlyCount "68"]
[EventDate "2000.??.??"]

1. e4 c5 2. Nf3 d6 3. d4 cxd4 4. Nxd4 Nf6 5. Nc3 a6 6. Bc4 e6 7. Bb3 b5 8. O-O
b4 9. Na4 Nxe4 10. f4 Bb7 11. f5 e5 12. Ne6 fxe6 13. Qh5+ Kd7 14. Bxe6+ Kc7 15.
Be3 Nd7 16. Bxd7 Nf6 17. Qe2 Nxd7 18. Qc4+ Bc6 19. Qxb4 Rb8 20. Qa5+ Kb7 21.
Qb4+ Ka8 22. Qc4 Bb5 23. Qd5+ Rb7 24. f6 Bxa4 25. fxg7 Bxg7 26. Rf7 Rg8 27. b3
Qc8 28. bxa4 Nf6 29. Rxf6 Bxf6 30. Rb1 Bg5 31. Bf2 Rg6 32. Rb6 Kb8 33. a5 Rxb6
34. Bxb6 Qxc2 0-1

[Event "ICS rated standard match"]
[Site "204.178.125.65"]
[Date "2000.08.04"]
[Round "?"]
[White "Hossa"]
[Black "greekgift"]
[Result "1-0"]
[WhiteElo "2358"]
[BlackElo "1918"]
[PlyCount "44"]
[EventDate "2000.??.??"]

1. e4 c5 2. Nf3 d6 3. d4 cxd4 4. Nxd4 Nf6 5. Nc3 g6 6. Be3 Bg7 7. Be2 O-O 8.
O-O Nc6 9. Nb3 Be6 10. f3 a5 11. Nd4 Nxd4 12. Bxd4 d5 13. Qd3 dxe4 14. fxe4 Qd7
15. Rad1 Rac8 16. Qe3 Qc6 17. Qf4 Bc4 18. Bxc4 Qxc4 19. a3 Nh5 20. Qf2 e5 21.
b3 Qe6 22. Bc5 Qc6 {greekgift resigns} 1-0

[Event "ICS rated standard match"]
[Site "204.178.125.65"]
[Date "2000.08.04"]
[Round "?"]
[White "greekgift"]
[Black "Hossa"]
[Result "0-1"]
[WhiteElo "1916"]
[BlackElo "2360"]
[PlyCount "52"]
[EventDate "2000.??.??"]

1. e4 c5 2. Nf3 d6 3. d4 cxd4 4. Nxd4 Nf6 5. Nc3 a6 6. Bc4 e6 7. Bb3 b5 8. O-O
b4 9. Na4 Nxe4 10. f4 Bb7 11. f5 e5 12. Ne6 fxe6 13. fxe6 Nf6 14. Bg5 Be7 15.
Bxf6 Bxf6 16. Qh5+ g6 17. Qh6 Be4 18. Rad1 a5 19. Kh1 Qe7 20. Nb6 Ra6 21. Nc8
Bg5 22. Qh3 Qc7 23. Nxd6+ Rxd6 24. Rxd6 Qxd6 25. Qg4 Bf4 26. Rd1 Qc7 {
greekgift resigns} 0-1

[Event "ICS rated standard match"]
[Site "204.178.125.65"]
[Date "2000.08.04"]
[Round "?"]
[White "Hossa"]
[Black "greekgift"]
[Result "1-0"]
[WhiteElo "2362"]
[BlackElo "1914"]
[PlyCount "65"]
[EventDate "2000.??.??"]

1. e4 c5 2. Nf3 d6 3. d4 cxd4 4. Nxd4 Nf6 5. Nc3 g6 6. Be3 Bg7 7. Be2 O-O 8.
O-O Nc6 9. Nb3 Be6 10. f3 d5 11. a3 Ng4 12. fxg4 d4 13. Nxd4 Nxd4 14. Bd3 Nc6
15. g5 Ne5 16. Qe2 Nxd3 17. cxd3 Qa5 18. d4 Rac8 19. d5 Bd7 20. Rac1 a6 21. Qd2
Rc4 22. Qf2 Bxc3 23. Rxc3 Rxc3 24. Bd2 Rc2 25. Bxa5 Rxf2 26. Rxf2 Rc8 27. Bc3
Bb5 28. Rf4 Bd3 29. e5 Rc4 30. Rf3 Be4 31. d6 exd6 32. exd6 Kf8 33. d7 1-0

[Event "ICS rated standard match"]
[Site "204.178.125.65"]
[Date "2000.08.04"]
[Round "?"]
[White "greekgift"]
[Black "Hossa"]
[Result "0-1"]
[WhiteElo "1912"]
[BlackElo "2364"]
[PlyCount "38"]
[EventDate "2000.??.??"]

1. e4 c5 2. Nf3 d6 3. d4 cxd4 4. Nxd4 Nf6 5. Nc3 a6 6. Bc4 e6 7. Bb3 b5 8. O-O
b4 9. Na4 Nxe4 10. f4 Bb7 11. f5 e5 12. Ne6 fxe6 13. Qh5+ Kd7 14. Bxe6+ Kc7 15.
Be3 Nd7 16. Bxd7 Nf6 17. Bb6+ Kxd7 18. Nc5+ Kc8 19. Bxd8 Nxh5 {
greekgift resigns} 0-1

[Event "ICS rated standard match"]
[Site "204.178.125.65"]
[Date "2000.08.04"]
[Round "?"]
[White "Hossa"]
[Black "greekgift"]
[Result "1-0"]
[WhiteElo "2366"]
[BlackElo "1910"]
[PlyCount "81"]
[EventDate "2000.??.??"]

1. d4 f5 2. c4 e6 3. Nc3 Nf6 4. e3 b6 5. d5 Bd6 6. Nb5 e5 7. Nxd6+ cxd6 8. Ne2
a5 9. Ng3 g6 10. b3 Na6 11. Bb2 Nc5 12. f3 O-O 13. Be2 Ba6 14. Qc2 Rb8 15. O-O
b5 16. cxb5 Bxb5 17. Bxb5 Rxb5 18. Ne2 Qb6 19. Nc3 Rb4 20. Rf2 Rb8 21. Ba3 Qb7
22. Bxb4 axb4 23. Na4 Nxa4 24. bxa4 Qxd5 25. Qb3 Kf8 26. Rd1 Qxb3 27. axb3 Ke7
28. a5 d5 29. a6 Ra8 30. Ra2 Ra7 31. Ra4 Kd6 32. Kf2 Kc5 33. Rc1+ Kb5 34. Rc8
d6 35. Rb8+ Kc6 36. Ra5 Nd7 37. Rc8+ Kb6 38. Rxd5 Nc5 39. Rxd6+ Kb5 40. Rb8+
Ka5 41. Rd2 {greekgift resigns} 1-0

[Event "ICS rated standard match"]
[Site "204.178.125.65"]
[Date "2000.08.04"]
[Round "?"]
[White "greekgift"]
[Black "Hossa"]
[Result "0-1"]
[WhiteElo "1908"]
[BlackElo "2368"]
[PlyCount "38"]
[EventDate "2000.??.??"]

1. e4 e6 2. d4 d5 3. exd5 exd5 4. Nf3 Bg4 5. Qe2+ Qe7 6. Qxe7+ Nxe7 7. Be2 Nbc6
8. c3 Ng6 9. O-O O-O-O 10. h3 Bf5 11. Ng5 Rd7 12. Bg4 Bxg4 13. hxg4 h5 14. gxh5
Rxh5 15. Be3 Bd6 16. g3 Re7 17. Nf3 Bxg3 18. Bg5 Bh2+ 19. Kg2 Nf4+ {
greekgift resigns} 0-1

[Event "ICS rated standard match"]
[Site "204.178.125.65"]
[Date "2000.08.04"]
[Round "?"]
[White "Hossa"]
[Black "greekgift"]
[Result "1-0"]
[WhiteElo "2370"]
[BlackElo "1906"]
[PlyCount "91"]
[EventDate "2000.??.??"]

1. e4 c5 2. Nf3 d6 3. d4 cxd4 4. Nxd4 Nf6 5. Nc3 g6 6. Be3 Bg7 7. Be2 Nc6 8.
Qd2 O-O 9. O-O-O Be6 10. Nxe6 fxe6 11. f3 Qa5 12. Bc4 Kf7 13. Ne2 Qxd2+ 14.
Rxd2 Na5 15. Bd3 Rfc8 16. Nf4 Nc4 17. Bxc4 Rxc4 18. c3 b5 19. Kd1 a5 20. Nh3 b4
21. cxb4 axb4 22. b3 Rc6 23. Ng5+ Kg8 24. Nxe6 Rca6 25. Ke2 Rxa2 26. Rc1 Rxd2+
27. Bxd2 Nd7 28. Rc7 Nc5 29. Nxc5 dxc5 30. Kd3 Ra3 31. Kc4 Ra2 32. Bg5 Rc2+ 33.
Kd5 Rxg2 34. Bxe7 Bd4 35. Ke6 g5 36. Bf6 Bxf6 37. Kxf6 h5 38. Kg6 Kf8 39. Kxh5
Rxh2+ 40. Kxg5 Rb2 41. Kf6 Ke8 42. f4 Rxb3 43. Rxc5 Rb1 44. e5 b3 45. e6 Kd8
46. e7+ 1-0

[Event "ICS rated standard match"]
[Site "204.178.125.65"]
[Date "2000.08.04"]
[Round "?"]
[White "greekgift"]
[Black "Hossa"]
[Result "1-0"]
[WhiteElo "1904"]
[BlackElo "2372"]
[PlyCount "61"]
[EventDate "2000.??.??"]

1. e4 c5 2. Nf3 e6 3. d4 cxd4 4. Nxd4 Nc6 5. Nc3 Qc7 6. Be2 a6 7. a3 Nf6 8. Be3
Be7 9. O-O O-O 10. f4 d6 11. Kh1 Bd7 12. g4 Nxd4 13. Bxd4 Bc6 14. Bd3 Nd7 15.
f5 Rac8 16. Qf3 Bg5 17. Rg1 Nc5 18. Bxc5 dxc5 19. Raf1 Bf6 20. g5 Bd4 21. Rg3
g6 22. f6 Qb6 23. Rh3 e5 24. Rxh7 Bd7 25. Rg7+ Kh8 26. Qg3 Bf2 27. Rxf2 Qxf6
28. gxf6 g5 29. Qxg5 Bf5 30. Qh6+ Bh7 31. Qxh7# {Hossa checkmated} 1-0

[Event "ICS rated blitz match"]
[Site "204.178.125.65"]
[Date "2000.08.04"]
[Round "?"]
[White "Hossa"]
[Black "dyarbro"]
[Result "1-0"]
[WhiteElo "2439"]
[BlackElo "2299"]
[PlyCount "55"]
[EventDate "2000.??.??"]

1. e4 d5 2. exd5 Qxd5 3. Nc3 Qa5 4. d4 Nf6 5. Nf3 Nc6 6. Bd2 Bg4 7. Nb5 Qb6 8.
c4 Bxf3 9. Qxf3 Nxd4 10. Nxd4 Qxd4 11. Qxb7 Rd8 12. Be3 Qe4 13. Qxe4 Nxe4 14.
f3 Nf6 15. Bxa7 e6 16. Be3 Bb4+ 17. Ke2 O-O 18. g4 h6 19. a3 Be7 20. h4 c5 21.
Bg2 Rb8 22. Bc1 Rb3 23. g5 hxg5 24. hxg5 Nd7 25. f4 Rfb8 26. Be4 g6 27. Bc2 Nb6
28. Bxb3 {dyarbro resigns} 1-0

[Event "ICS rated blitz match"]
[Site "204.178.125.65"]
[Date "2000.08.04"]
[Round "?"]
[White "dyarbro"]
[Black "Hossa"]
[Result "0-1"]
[WhiteElo "2289"]
[BlackElo "2449"]
[PlyCount "66"]
[EventDate "2000.??.??"]

1. e4 c5 2. c3 d5 3. exd5 Qxd5 4. d4 e6 5. Nf3 Nf6 6. Bd3 cxd4 7. cxd4 Bb4+ 8.
Nc3 Qa5 9. O-O O-O 10. Bg5 Nc6 11. Bxf6 gxf6 12. Ne4 Be7 13. Qc1 Nb4 14. Bb1 f5
15. Ng3 Qa4 16. Qh6 f6 17. a3 Nc2 18. Ba2 Kh8 19. Rad1 Rg8 20. Nxf5 Rg6 21. Qh3
exf5 22. Nh4 Rh6 23. Rd3 f4 24. Qf3 Rxh4 25. Bb3 Nxd4 26. Qe4 f3 27. Qxe7 Ne2+
28. Qxe2 fxe2 29. Rd8+ Kg7 30. Rg8+ Kh6 31. Re1 Qxb3 32. g3 Qd1 33. gxh4 Bh3
0-1